Sankshiptashankari/ (Record no. 40343)

000 -LEADER
fixed length control field 00413nam a22001691a 4500
020 ## - INTERNATIONAL STANDARD BOOK NUMBER
ISBN 8186863003
082 ## - DEWEY DECIMAL CLASSIFICATION NUMBER
Classification number S 294.592 18
Item number HEM/S
100 ## - MAIN ENTRY--AUTHOR NAME
Personal name Hemraj Shastry
245 ## - TITLE STATEMENT
Title Sankshiptashankari/
Statement of responsibility, etc by Hemraj Shastry
260 ## - PUBLICATION, DISTRIBUTION, ETC. (IMPRINT)
Place of publication New Delhi:
Name of publisher Girish Chandra Sastri,
Year of publication 1998.
300 ## - PHYSICAL DESCRIPTION
Number of Pages 430p.
650 ## - SUBJECT ADDED ENTRY--TOPICAL TERM
Topical Term Upanishads
650 ## - SUBJECT ADDED ENTRY--TOPICAL TERM
Topical Term Vedic Literature
650 ## - SUBJECT ADDED ENTRY--TOPICAL TERM
Topical Term Hinduism
650 ## - SUBJECT ADDED ENTRY--TOPICAL TERM
Topical Term Religion
942 ## - ADDED ENTRY ELEMENTS (KOHA)
Koha item type Book
Holdings
Withdrawn status Lost status Damaged status Not for loan Permanent Location Current Location Date acquired Cost, normal purchase price Full call number Accession Number Cost, replacement price Price effective from Koha item type
        Sree Sankaracharya University of Sanskrit Sree Sankaracharya University of Sanskrit 08.01.2015 75.00 S 294.592 18 HEM/S 017042 0.00 08.01.2015 Book